Najbogatsze Państwa Świata (PKB) - Statystyki

Ogólne statystyki
  • Ten quiz został rozwiązany 2 127 razy
  • Średni wynik to 22 z 30
Statystyki odpowiedzi
PKB (mln USD) Kraj % Poprawnych
#1 20 580 250 Stany Zjednoczone
99%
#2 13 368 073 Chiny
96%
#4 3 951 340 Niemcy
95%
#12 1 657 290 Rosja
94%
#22 585 816 Polska
93%
#6 2 780 152 Francja
92%
#3 4 971 767 Japonia
87%
#11 1 712 479 Kanada
87%
#9 1 867 818 Brazylia
86%
#13 1 427 533 Hiszpania
85%
#5 2 828 833 Wielka Brytania
85%
#8 2 075 856 Włochy
82%
#7 2 718 732 Indie
81%
#15 1 222 053 Meksyk
78%
#23 556 073 Szwecja
78%
#25 519 487 Argentyna
74%
#29 434 167 Norwegia
74%
#14 1 420 045 Australia
71%
#20 705 546 Szwajcaria
70%
#10 1 720 489 Korea Południowa
69%
#18 786 522 Arabia Saudyjska
66%
#19 771 274 Turcja
66%
#17 914 519 Holandia
63%
#24 532 268 Belgia
59%
#16 1 022 454 Indonezja
58%
#27 456 166 Austria
53%
#30 414 179 Zjednoczone Emiraty Arabskie
48%
#28 446 105 Iran
47%
#26 504 928 Tajlandia
36%
#21 589 906 Tajwan
32%
Nie znaleziono quizów pasujących do podanych kryteriów
Rozkład punktacji
Procent ludzi z każdym wynikiem
Percentyl według liczby udzielonych odpowiedzi
Twoja historia wyników
Nie rozwiązałeś tego quizu